000 00751na a2200241 4500
001 14717
003 MIRAKIL
005 20181213154853.0
008 160918b tu 000 0
035 _a14717
040 _aMilas
_btur
_cTR-AnCHP
082 _aCHP 327.1
_bS86 2015
090 _aCHP 327.1 S86 2015
245 _aSuriye ve Irak krizleri
_bTürkiye'nin ödediği fatura
_cCHP
260 _a[Ankara]
_b[CHP]
_c2015
300 _a70 s.
_brnkl. fotg.,res,tbl,grf.
_c27 sm.
610 _aCHP
_xToplumsal sorunlar
_ySiyasal katılım
610 _aCHP
_xSiyasal krizler
_yÖneriler
650 _aSuriye krizi
_xEkonomik açı
651 _aIrak krizi
_xEkonomik açı
651 _aTürkiye
_xEkonomik ilişkiler
_zOrta Doğu
942 _2dcc
_cBKS
999 _c2314
_d2314